Porovnanie vlastností vybraných druhov biodegradovateľných plastov

Salvato in:
Dettagli Bibliografici
Autore principale: Štibrányiová, Tatiana, 1985- (Autore)
Altri autori: Soldán, Maroš, 1969- (Relatore della tesi)
Natura: Manoscritto Libro
Lingua:slovacco
Pubblicazione: STU v Bratislave MTF UBEI, 2010
Soggetti:
Accesso online:VAIS
Tags: Aggiungi Tag
Nessun Tag, puoi essere il primo ad aggiungerne!!

MARC

LEADER 00000ntm a22000003a 4500
001 stu206265
005 20160719160206.1
008 100702s2010------------------------slo-d
040 |a STU  |b slo 
041 0 |a slo 
100 1 |a Štibrányiová, Tatiana,  |d 1985-  |4 aut  |X 26704  |7 A000026704 
242 0 0 |a Dimension’s comparison of selected types of biodegradable Plastics  |y eng 
245 1 |a Porovnanie vlastností vybraných druhov biodegradovateľných plastov 
260 |b STU v Bratislave MTF UBEI,  |c 2010 
650 7 |a waste management  |2 estusub 
650 7 |a odpadové hospodárstvo  |2 stusub 
650 7 |a biodegradácia  |2 stusub 
650 7 |a biodegradovateľné plasty  |2 stusub 
700 1 |a Soldán, Maroš,  |d 1969-  |4 ths  |u M5000  |U MTF Materiálovotechnologická fakulta  |T MTF Ústav bezpečnosti, environmentu a kvality  |X 2878  |U M5000  |Y 85  |7 A000002878 
856 4 |a info a plný text  |u http://is.stuba.sk/zp/portal_zp.pl?podrobnosti=75563  |3 VAIS 
996 |c M*DP-8971  |l MMSKP  |s P  |a 0  |w stu206265_0001